000 00677nam a2200229Ia 4500
005 20250108124940.0
008 008 250107s9999 xx 000 0 eng d
020 _a81-260-0414-2
037 _aTB
040 _aCRL
_beng
_cCRL
041 _aeng
_2eng
084 _aO152,3N752,RS R3
084 _qCRL
100 _aKarki Rainish Au.
_9730132
245 0 _aCompeting with the best: strategic management of Indian companies in a globalizing arena
_cKarki Rainish Au.
260 _aNew Delhi, India
_bPenguin
_c2784
300 _axi,242p.
365 _aINR
_b300
650 _aECONOMICS
942 _cTB
_hO152,3N752,RS R3
999 _c1235172
_d1235172